| 000 | 00432nam a2200169Ia 4500 | ||
|---|---|---|---|
| 003 | GCL | ||
| 008 | 140319s9999 xx 000 0 ara d | ||
| 040 |
_aGCL / _cGCL |
||
| 082 | 0 | 4 |
_aد _b050 |
| 100 | 1 | _aسعيد عبده | |
| 245 | 1 | 0 |
_aخدعوك فقالوا (اقرا 353 ) / _cسعيد عبده |
| 300 | _a176 | ||
| 490 |
_aاقرأ _v0 |
||
| 650 | 0 | 4 | _aالامراض |
| 650 | 0 | 4 | _aالامراض، علم |
| 942 |
_2ddc _cBK |
||
| 999 |
_c49593 _d49593 |
||